| 000 | 00769nam a22002777a 4500 | ||
|---|---|---|---|
| 005 | 20260422155847.0 | ||
| 008 | 150505b2015 xxu||||| |||| 00| 0 spa d | ||
| 020 | _a978987591454 | ||
| 041 | _aESP | ||
| 082 | _a370.155 T676j | ||
| 100 |
_aTorbert, Marianne _935101 |
||
| 245 | _aJuegos para el desarrollo motor: crecimiento integral para los niños con y sin problemas | ||
| 260 | _aArgentina | ||
| 260 | _bBrujas | ||
| 260 | _c2015 | ||
| 300 | _a210 páginas | ||
| 490 | _aTemática General | ||
| 650 | _aDESARROLLO PERCEPTIVO | ||
| 650 | _aDESARROLLO MOTOR | ||
| 650 | _aPERCEPCIÓN AUDITIVA | ||
| 650 | _aAUTOCONTROL | ||
| 650 | _aPROCESOS DEL PENSAMIENTO | ||
| 650 | _aDESARROLLO SOCIAL | ||
| 650 | _aCAPACIDADES FÍSICAS | ||
| 942 |
_cBK _2ddc |
||
| 999 |
_c5138 _d5138 |
||